000 00643nam a2200229 a 4500
001 61983
003 BD-RjUL
005 20211209081027.0
008 730726m1951 waua 001 0 eng d
035 _a(BD-RjUL)62108
040 _aDLC
_cDLC
_dBD-RjUL
_beng
041 _aeng
082 _223
_a621.3815
_bELE 1951
245 1 0 _aElectronic circuit analysis /
260 _aWashington :
_bDept. Of The Air Force,
_c1951.
300 _a28 p. :
_bill. ;
_c24 cm.
500 _aIncludes index.
650 0 _aElectronic circuits.
_9184455
650 0 _a Electronics.
_9178929
650 0 _a Electric circuit analysis.
_9184456
942 _2ddc
_cBK
999 _c61983
_d61983